00530nam a2200157Ia 4500008004100000041001200041082001100053100001600064245004900080260004200129300000800171650000700179942000700186999001700193952016200210221030s9999 xx 000 0 und d aEnglish a105.23 aM. Kaufmann 4aThe Protective Gear Handbookcby M. Kaufmann bSir Isaac Pitman & sonsaLondonc1957 a298 aEE cBK c10622d10622 pBE 12568l0o105.23 r2024-06-13 00:00:00w2022-10-30yBK003Print4070aMIETLIBbMIETLIBcBL-Academic Block B, FL-2, CUP-161, SH-4, R-4d2012-05-2910HBE